[Event "44th Belgrade WGM"]
[Site "Belgrade SRB"]
[Date "2012.03.10"]
[Round "8.1"]
[White "Vega Gutierrez,B"]
[Black "Voiska,M"]
[Result "0-1"]
[WhiteElo "2177"]
[BlackElo "2316"]

1.e4 d6 2.d4 Nf6 3.Nc3 e5 4.Nf3 exd4 5.Nxd4 Be7 6.Bc4 O-O 7.O-O c6 8.a4 Nbd7
9.a5 Re8 10.Nf5 Ne5 11.Nxe7+ Qxe7 12.Ba2 Ng6 13.f3 Be6 14.Qd4 h6 15.Rd1 Bxa2
16.Rxa2 Red8 17.Qf2 d5 18.exd5 Nxd5 19.Nxd5 Rxd5 20.Rxd5 cxd5 21.Be3 Rc8
22.c3 Re8 23.Bd2 Ne5 24.Qe3 a6 25.b3 Qd7 26.Ra1 Nc6 27.Qd3 Qd8 28.b4 Ne5
29.Qd4 Nc6 30.Qf2 Re6 31.Re1 Qe7 32.Rxe6 Qxe6 33.Qe3 Ne5 34.f4 Nc4 35.Qxe6 fxe6
36.Be1 Kf7 37.Bf2 g6 38.Bd4 g5 39.fxg5 hxg5 40.h3 e5 41.Bc5 Nd2 42.Bf2 Ne4
43.Be1 d4 44.c4 Nd6 45.c5 Ne4 46.h4 gxh4 47.Bxh4 Ke6 48.Kf1 Nc3 49.g4 e4
50.g5 Kf5 51.Be1 e3 52.Kg2 d3  0-1

[Event "29th Ciocaltea Mem"]
[Site "Bucharest ROU"]
[Date "2012.03.10"]
[Round "9"]
[White "Vedmediuc,S"]
[Black "Baratosi,D"]
[Result "1/2-1/2"]
[WhiteElo "2459"]
[BlackElo "2407"]

1.e4 d6 2.d4 Nf6 3.Nc3 e5 4.Nge2 c6 5.g3 g6 6.Bg2 Bg7 7.a4 a5 8.O-O O-O 9.h3 Na6
10.Bg5 h6 11.Be3 exd4 12.Bxd4 Re8 13.Kh2 Nc5 14.e5 Nh7 15.Bxc5 dxc5 16.f4 Qxd1
17.Raxd1 f5 18.Nb1 Be6 19.Na3 Nf8 20.b3 Ra6 21.Nc4 Bxc4 22.bxc4 Rb6 23.Nc1 Rb4
24.Nb3 Re7 25.Nxa5 Rxa4 26.Ra1 Rxa1 27.Rxa1 g5 28.Rf1 gxf4 29.Rxf4 Ng6 30.Rxf5 Bxe5
31.Nb3 Bb8 32.Nxc5 Nh4 33.Rf2 Re3 34.Kg1 Bxg3 35.Rf1 Re2 36.Bf3 Rxc2 37.Bg4 Rg2+
38.Kh1 Rh2+ 39.Kg1 Rg2+ 40.Kh1 Rh2+ 41.Kg1 Rb2 42.Ne6 Rg2+ 43.Kh1 Rf2 44.Rxf2 Bxf2
45.Nd8 b5 46.Nxc6 bxc4  1/2-1/2

[Event "TCh-AUT 2 West 2011-12"]
[Site "Salzburg AUT"]
[Date "2012.03.10"]
[Round "10"]
[White "Bayer,Be"]
[Black "Eisenbeiser,A"]
[Result "1-0"]
[WhiteElo "2434"]
[BlackElo "2419"]

1.d4 d6 2.e4 Nf6 3.Nc3 e5 4.Nge2 Nbd7 5.f3 Be7 6.Be3 c6 7.Qd2 O-O 8.O-O-O b5
9.Ng3 exd4 10.Bxd4 b4 11.Nce2 c5 12.Be3 Ne5 13.Nf4 Qa5 14.Kb1 Rb8 15.Be2 Re8
16.Nf5 Bxf5 17.exf5 Bf8 18.g4 Nfd7 19.g5 c4 20.g6 hxg6 21.fxg6 fxg6 22.Qd5+ Qxd5
23.Nxd5 Rbc8 24.f4 Nc6 25.Bxc4 Kh7 26.Ba6 Rb8 27.Rhg1 Nf6 28.Nxf6+ gxf6 29.Rg3 f5
30.Bc4 Re7 31.Bd5 Nd8 32.Rh3+ Bh6 33.Bd4 Ne6 34.Bf6 Nxf4 35.Rxh6+ Kxh6 36.Bxe7 Nxd5
37.Rxd5 Re8 38.Bh4 Re2 39.Bg3  1-0

[Event "TCh-SWE 2011-12"]
[Site "Sweden SWE"]
[Date "2012.03.10"]
[Round "8"]
[White "Johansson,G1"]
[Black "Andersson,Michael"]
[Result "1/2-1/2"]
[WhiteElo "2232"]
[BlackElo "2136"]

1.d4 d6 2.e4 Nf6 3.Nc3 c6 4.f4 Qa5 5.e5 Ne4 6.Bd2 Nxd2 7.Qxd2 Bf5 8.Nf3 e6
9.Be2 d5 10.Nh4 Be7 11.Nxf5 exf5 12.O-O Nd7 13.Qd3 g6 14.Nd1 Nf8 15.c3 h5
16.Ne3 Ne6 17.b4 Qd8 18.Kh1 Nc7 19.a4 a6 20.Qc2 Qd7 21.Bd3 h4 22.Rab1 Kf8
23.Rg1 Rh5 24.Rgf1 Rh8 25.Kg1 Rh5 26.Rf3 Kg7 27.Rf2 Kf8 28.Qd1 Kg7 29.Qf3 Rhh8
30.Rfb2 b6 31.Ra1 Kf8 32.Raa2 Kg7 33.Rd2 Kf8 34.g4 hxg3 35.hxg3 c5 36.bxc5 bxc5
37.g4 cxd4 38.cxd4 fxg4 39.Nxg4 Ne6 40.Bf1 Nxd4 41.Rxd4 Bc5 42.Rd2 Rd8 43.Kg2 Bxd4
44.Rxd4 a5 45.Ne3 Qa7 46.Rxd5 Rxd5 47.Nxd5 Qd4 48.Nc3 Kg7 49.Bb5 Qd2+ 50.Ne2 Qd1
51.Ng1 Qd2+ 52.Ne2 Qd1 53.Ng1 Qd2+ 54.Be2 Qd4 55.Nh3 Qxa4 56.f5 gxf5 57.Qxf5 Qc6+
58.Kf2 Qg6 59.Qf3 Rh4 60.Nf4 Qg5 61.Nh5+ Kg6 62.Qc6+ Kh7 63.Qc2+ Kh6 64.Qc6+ Kh7
65.Bd3+ Kh8 66.Qc8+ Qg8 67.Qxg8+ Kxg8 68.Nf6+ Kf8 69.Ke3 Ke7 70.Ne4 Ke6 71.Kd4 a4
72.Bc4+ Kf5 73.Kd5 a3 74.Nc3 Rh3 75.Kd4 Rh4+ 76.Kc5 Kxe5 77.Bxf7 Rh7 78.Bc4 Rc7+
79.Kb4 Rxc4+  1/2-1/2

[Event "Zagreb Open A"]
[Site "Zagreb CRO"]
[Date "2012.03.10"]
[Round "6.20"]
[White "Ivekovic,Bo2"]
[Black "Jurkovic,A"]
[Result "0-1"]
[WhiteElo "2211"]
[BlackElo "2352"]

1.e4 d6 2.d4 Nf6 3.Nc3 e5 4.Nf3 Nbd7 5.Bc4 Be7 6.O-O O-O 7.Bb3 c6 8.a4 exd4
9.Qxd4 Nc5 10.Ba2 Be6 11.Bxe6 Nxe6 12.Qc4 Qa5 13.Nd4 Nxd4 14.Qxd4 Qe5 15.Rd1 Rfd8
16.Be3 Ng4 17.Qxe5 dxe5 18.Rxd8+ Bxd8 19.Bc5 Bb6 20.Bxb6 axb6 21.Rd1 Kf8
22.Rd7 Rb8 23.h3 Nf6 24.Rc7 Ke8 25.b4 Nd7 26.a5 bxa5 27.b5 Kd8 28.b6 a4 29.Kf1 a3
30.Ke2 h5 31.h4 g6 32.Kd1 Ke8  0-1

[Event "Zagreb Open A"]
[Site "Zagreb CRO"]
[Date "2012.03.10"]
[Round "6.15"]
[White "Petrusic,T"]
[Black "Dvirnyy,D"]
[Result "0-1"]
[WhiteElo "2251"]
[BlackElo "2507"]

1.e4 d6 2.d4 Nf6 3.Nc3 e5 4.Nf3 Nbd7 5.g4 Nxg4 6.Rg1 Ngf6 7.Be3 c6 8.a4 Qa5
9.Qd2 h6 10.Rd1 a6 11.Nh4 g6 12.f3 Be7 13.Qf2 Qb4 14.Rd2 Qxb2 15.Nd1 Qb4
16.Nxg6 fxg6 17.Rxg6 Nf8 18.Qg1 Be6 19.Rg7 Nh5 20.Rxe7+ Kxe7 21.dxe5 Rg8
22.Qf2 Ng6 23.c3 Qa5 24.f4 Nhxf4 25.Bxf4 Nxf4 26.exd6+ Kd7 27.Qxf4 Raf8 28.Qe3 Qg5
29.Qb6 Ke8 30.Qxb7 Rxf1+ 31.Kxf1 Bc4+  0-1

[Event "TCh-FIN SM-Liiga 2011-12"]
[Site "Helsinki FIN"]
[Date "2012.03.11"]
[Round "11.2"]
[White "Palliser,R"]
[Black "Sklyarov,D"]
[Result "1-0"]
[WhiteElo "2444"]
[BlackElo "2416"]

1.d4 d6 2.e4 Nf6 3.Nc3 e5 4.dxe5 dxe5 5.Qxd8+ Kxd8 6.Bg5 Be6 7.g3 h6 8.Bxf6+ gxf6
9.O-O-O+ Ke8 10.f4 c6 11.Nf3 Bg4 12.Be2 Bb4 13.Nh4 Be6 14.Rhf1 Bxc3 15.bxc3 Ke7
16.Nf3 Bg4 17.fxe5 fxe5 18.Bc4 Rf8 19.Nxe5 Bxd1 20.Rxd1 Rd8 21.Rxd8 Kxd8
22.Nxf7+ Ke7 23.Nxh6 Nd7 24.g4 Ne5 25.Be2 Ng6 26.g5 Rf8 27.Nf5+ Ke6 28.h4 Rh8
29.h5 Nf4 30.Bc4+ Ke5 31.h6 Kxe4 32.Nd6+ Kf3 33.Nf7 Rf8 34.Ne5+ Ke4 35.g6  1-0

[Event "TCh-HUN 2011-12"]
[Site "Paks HUN"]
[Date "2012.03.11"]
[Round "7"]
[White "Antal,T"]
[Black "Korpa,B"]
[Result "1-0"]
[WhiteElo "2286"]
[BlackElo "2237"]

1.e4 d6 2.d4 Nf6 3.Nc3 e5 4.Nf3 Nbd7 5.Bc4 Be7 6.O-O O-O 7.Re1 c6 8.a4 exd4
9.Nxd4 Ne5 10.Ba2 Re8 11.h3 Bd7 12.Be3 Qa5 13.f4 Ng6 14.Qd3 Qb4 15.a5 d5
16.e5 Nh5 17.Nce2 Bh4 18.Rf1 Qe7 19.Nf5 Bxf5 20.Qxf5 Ng3 21.Nxg3 Bxg3 22.Qg4 Qh4
23.Rf3 Be1 24.c3 h5 25.Qf5 Bg3 26.Raf1 Ne7 27.Qd3 g5 28.fxg5 Bxe5 29.Rxf7 Bg7
30.Bd4  1-0

[Event "TCh-AUT 2 West 2011-12"]
[Site "Salzburg AUT"]
[Date "2012.03.11"]
[Round "11"]
[White "Blaskowski,J"]
[Black "Kleissl,H"]
[Result "1/2-1/2"]
[WhiteElo "2303"]
[BlackElo "2306"]

1.e4 d6 2.d4 Nf6 3.Nc3 e5 4.Nf3 Nbd7 5.dxe5 dxe5 6.Bc4 Bb4 7.O-O O-O 8.Qe2 c6
9.a3 Be7 10.b4 b5 11.Bb3 a5 12.bxa5 Rxa5 13.Rd1 Qc7 14.Bb2 Nc5 15.Na2 Bg4
16.Qe1 Bxf3 17.gxf3 Rfa8 18.Nb4 Nfd7 19.Qf1 Na4 20.Bxa4 Rxa4 21.c4 Bxb4 22.axb4 Rxa1
23.Rxa1 Rxa1 24.Bxa1 bxc4 25.Qxc4 Qd6 26.Bc3 h6 27.Qa2 Nf8 28.Qd2 Qe7 29.f4 Ng6
30.fxe5 Nxe5  1/2-1/2

[Event "6th Agzamov Memorial"]
[Site "Tashkent UZB"]
[Date "2012.03.11"]
[Round "6"]
[White "Guseinov,G"]
[Black "Golod,V"]
[Result "1-0"]
[WhiteElo "2616"]
[BlackElo "2561"]

1.e4 d6 2.d4 Nf6 3.Nc3 e5 4.Nf3 Nbd7 5.Bc4 Be7 6.O-O O-O 7.Re1 a6 8.a4 b6
9.Ba2 Bb7 10.Qd3 c6 11.Nh4 g6 12.Bh6 Ng4 13.Qg3 Nxh6 14.Nxg6 Bg5 15.Nxf8 Kxf8
16.dxe5 Nxe5 17.Rf1 Bh4 18.Qe3 Nhg4 19.Qe2 Bxf2+ 20.Rxf2 Nxf2 21.Qxf2 Bc8
22.Rf1 Ra7 23.Ne2 Qg5 24.Qxb6 Rb7 25.Qd4 Ke7 26.Nf4 Bd7 27.Nd3 f6 28.Nf4 a5
29.b3 Rb4 30.c4 h5 31.Kh1 h4 32.h3 Qg3 33.Nh5 Qg5 34.Nxf6 Bxh3 35.gxh3 Qg3
36.Qf2 Qxh3+ 37.Kg1 Rb8 38.c5 Qg3+ 39.Qxg3 hxg3 40.cxd6+ Kxd6 41.Kg2 Rh8
42.Kxg3 Kc5 43.Kf4 Nd3+ 44.Kf5  1-0

[Event "Zagreb Open A"]
[Site "Zagreb CRO"]
[Date "2012.03.11"]
[Round "8.9"]
[White "Djurovic,G"]
[Black "Dvirnyy,D"]
[Result "0-1"]
[WhiteElo "2361"]
[BlackElo "2507"]

1.e4 d6 2.d4 Nf6 3.Nc3 e5 4.Nf3 Nbd7 5.Bc4 Be7 6.O-O O-O 7.Re1 c6 8.a4 b6
9.d5 cxd5 10.Bxd5 Nxd5 11.Qxd5 Rb8 12.b3 Bb7 13.Qd2 f5 14.Ba3 fxe4 15.Nxe4 Nc5
16.Bxc5 bxc5 17.Rad1 Rf4 18.Ng3 Qf8 19.Re3 Qf7 20.Qe2 Rf8 21.Ne4 Qg6 22.Nfd2 Rxf2
23.Qxf2 Rxf2 24.Kxf2 d5 25.Ng3 Qxc2 26.Ke1 e4 27.Nf5 Bf6 28.Nd6 Ba6 29.N2xe4 dxe4
30.Nxe4 Bd4 31.Rxd4 cxd4  0-1

[Event "ch-CZE U20 2012"]
[Site "Kouty nad Desnou CZE"]
[Date "2012.03.12"]
[Round "5"]
[White "Pecha,T"]
[Black "Plat,V"]
[Result "0-1"]
[WhiteElo "2260"]
[BlackElo "2436"]

1.e4 d6 2.d4 Nf6 3.Nc3 e5 4.Nf3 Nbd7 5.Bc4 Be7 6.O-O O-O 7.Re1 c6 8.a4 b6
9.b3 a6 10.d5 Bb7 11.dxc6 Bxc6 12.Ba3 Qc7 13.Nd5 Nxd5 14.Bxd5 b5 15.Bxc6 Qxc6
16.Bb4 Nc5 17.Qe2 Rac8 18.axb5 axb5 19.Ra5 Ne6 20.c3 Rb8 21.Rd1 Rfd8 22.g3 Bf6
23.Qd3 Nc7 24.Ra7 d5 25.Rxc7 Qxc7 26.exd5 g6 27.g4 Qd7 28.Qe4 Bg7 29.d6 Qe6
30.Rb1 Bf8 31.Ra1 Bxd6 32.Ra6 Qxb3 33.Bxd6 Qd1+ 34.Kg2 Rxd6 35.Qxe5 Rdd8
36.h4 Qd5 37.Qf4 Ra8 38.Rf6 Ra4 39.Qg3 Qe4 40.Kh3 Qc4 41.Qe5 Qxg4+ 42.Kh2 Ra2
43.Qe3 Rf8 44.Ng5 Qxh4+ 45.Kg2 Ra4 46.Rxg6+ hxg6  0-1

[Event "ch-Moscow Final 2012"]
[Site "Moscow RUS"]
[Date "2012.03.12"]
[Round "3"]
[White "Gavrilov,Al1"]
[Black "Seliverstov,Vl"]
[Result "1/2-1/2"]
[WhiteElo "2502"]
[BlackElo "2377"]

1.e4 d6 2.d4 Nf6 3.Nc3 e5 4.Nf3 Nbd7 5.Bc4 Be7 6.O-O O-O 7.Re1 c6 8.a4 b6
9.Bg5 a6 10.Ba2 Re8 11.h3 Bb7 12.dxe5 dxe5 13.Nh4 Nf8 14.Nf5 Ne6 15.Bxf6 Bxf6
16.Nd6 Re7 17.Nxb7 Rxb7 18.Bxe6 fxe6 19.Qe2 b5 20.Red1 Qf8 21.Rd3 Rf7 22.Qg4 Re8
23.axb5 axb5 24.Nd1 Qe7 25.g3 Qb7 26.b3 Bd8 27.c3 b4 28.cxb4 Bb6 29.Rf3 Rxf3
30.Qxf3 Bd4 31.Ra4 Qb5 32.Kg2 h6 33.Nc3 Qb6 34.Nd1 Qb5 35.Nc3 Qb6 36.Nd1 Qb5  1/2-1/2

[Event "Nis Open 2012"]
[Site "Nis SRB"]
[Date "2012.03.12"]
[Round "2"]
[White "Djuric,R"]
[Black "Djukic,Z SRB"]
[Result "0-1"]
[WhiteElo "2099"]
[BlackElo "2382"]

1.e4 d6 2.d4 Nf6 3.Nc3 e5 4.Nf3 Nbd7 5.Be2 Be7 6.O-O O-O 7.h3 c6 8.Be3 b5
9.a3 Bb7 10.Nd2 a6 11.Bf3 Ne8 12.Re1 Nc7 13.Nf1 exd4 14.Bxd4 c5 15.Be3 Nb6
16.Nd5 Ncxd5 17.exd5 Bf6 18.c3 Re8 19.Qd3 Nc4 20.Qc2 Nxe3 21.Nxe3 g6 22.Re2 Bg7
23.Rae1 h5 24.a4 Re5 25.g3 h4 26.g4 Bc8 27.Bh1 Bd7 28.f4 Re8 29.Bf3 bxa4
30.Ng2 Rxe2 31.Qxe2 a3 32.bxa3 Bxc3 33.Rb1 Qf6 34.Rb7 Bb5 35.Qc2 g5 36.Be4 gxf4
37.Bh7+ Kh8 38.g5 Bd4+ 39.Kh1 Qxg5 40.Be4 Qg3  0-1

[Event "Reykjavik Open"]
[Site "Reykjavik ISL"]
[Date "2012.03.12"]
[Round "8.70"]
[White "Hauksdottir,Hrund"]
[Black "Sigurjonsson,Si"]
[Result "0-1"]
[WhiteElo "1627"]
[BlackElo "1944"]

1.e4 d6 2.d4 Nf6 3.Nc3 c6 4.Nf3 Bg4 5.Be2 Nbd7 6.O-O e6 7.Bf4 Be7 8.Re1 O-O
9.Qd3 d5 10.e5 Bf5 11.Qd2 Ne4 12.Qe3 Nxc3 13.Qxc3 c5 14.Rad1 Qb6 15.a3 cxd4
16.Nxd4 Bg6 17.b4 f6 18.Bb5 Nxe5 19.Bxe5 fxe5 20.Rxe5 Bf6 21.Rxe6 Qxe6 22.Nxe6 Bxc3
23.Nxf8 Rxf8 24.Rxd5 Be4 25.Rd7 a5 26.f3 Bc6 27.Bxc6 bxc6 28.bxa5 Bxa5 29.Rd6 Rf6
30.Rxf6 gxf6 31.Kf2 Kf7 32.Ke3 Ke6 33.Ke4 f5+ 34.Kd4 Bb6+ 35.Kc4 h5 36.h3 h4
37.g4 hxg3  0-1

[Event "Reykjavik Open"]
[Site "Reykjavik ISL"]
[Date "2012.03.12"]
[Round "8.49"]
[White "Bergsson,St"]
[Black "Palsson,H ISL"]
[Result "0-1"]
[WhiteElo "2171"]
[BlackElo "2000"]

1.e4 d6 2.d4 Nf6 3.Nc3 e5 4.Nf3 Nbd7 5.Be2 c6 6.a4 Be7 7.h3 b6 8.Be3 a6 9.O-O O-O
10.Bd3 Bb7 11.Qe2 b5 12.dxe5 dxe5 13.Bg5 Re8 14.Rad1 Qc7 15.Nh4 Nc5 16.Nf5 Bd8
17.a5 Ne6 18.Bxf6 Bxf6 19.Qg4 Rad8 20.Ne2 c5 21.c3 c4 22.Bc2 Rxd1 23.Rxd1 Rd8
24.Rd5 Rxd5 25.exd5 Bxd5 26.Neg3 Nf4 27.Ne4 Bxe4 28.Bxe4 Qxa5 29.Kh2 g6 30.Ne3 Qd8
31.g3 Ne6 32.h4 Qd2 33.Kg2 Kg7 34.Bd5 Nc7 35.Qe4 Qd3 36.Qf3 Nxd5 37.Nxd5 Qxf3+
38.Kxf3 Bd8 39.Ke4 f6 40.Nb4 a5 41.Nc6 Bb6 42.f4 exf4 43.gxf4 f5+ 44.Kf3 Kf7
45.Ke2 Ke6 46.Kf3 Kd6 47.Ne5 Kd5 48.h5 gxh5 49.Nd7 Bd8 50.Ne5 b4 51.cxb4 axb4
52.Nf7 c3 53.bxc3 b3 54.c4+ Kxc4 55.Nd6+ Kb4 56.Nxf5 b2  0-1

[Event "Nis Open 2012"]
[Site "Nis SRB"]
[Date "2012.03.13"]
[Round "3"]
[White "Stojkovic,Mir"]
[Black "Stojkovic,Zo"]
[Result "1-0"]
[WhiteElo "2235"]
[BlackElo "2051"]

1.e4 d6 2.d4 Nf6 3.Nc3 Nbd7 4.Nf3 e5 5.h3 c6 6.a4 Be7 7.Bc4 O-O 8.Ba2 Qc7
9.O-O h6 10.Re1 Re8 11.Nh4 Nh7 12.Qh5 d5 13.exd5 Nhf6 14.Qxf7+ Kxf7 15.d6+ Nd5
16.Nxd5 Qxd6 17.Nf4+ Qd5 18.Nxd5 cxd5 19.Bxd5+ Kf6 20.Nf3 Bd6 21.Bf4 g5 22.Bg3 Rb8
23.Re3 b5 24.axb5 Kf5 25.Be4+ Ke6 26.Bc6 Re7 27.Nxe5  1-0

[Event "6th Agzamov Memorial"]
[Site "Tashkent UZB"]
[Date "2012.03.13"]
[Round "8"]
[White "Atabayev,M"]
[Black "Sapaev,M"]
[Result "1-0"]
[WhiteElo "2367"]
[BlackElo "2178"]

1.e4 d6 2.d4 Nf6 3.Nc3 e5 4.Nf3 Nbd7 5.Bc4 Be7 6.O-O O-O 7.Qe2 exd4 8.Nxd4 Ne5
9.Bb3 c5 10.Nf5 Bxf5 11.exf5 Qd7 12.Nd5 Rae8 13.Ne3 Bd8 14.Qd1 b5 15.c4 a6
16.Bc2 Ba5 17.cxb5 axb5 18.Nd5 Nxd5 19.Qxd5 Nc6 20.f6 g6 21.a4 Nd4 22.Bd1 Re5
23.Qa2 Bb4 24.Be3 Nf5 25.Bg4 Qc6 26.Bf3 Qd7 27.Bf4 Re6 28.Bd5 Ree8 29.axb5 Qxb5
30.Qa6 Qd7 31.Bc6 Qe6 32.Bxe8 Rxe8 33.Qc6 Nd4 34.Qxd6 Qf5 35.Bg3 h5 36.Rad1 Qe4
37.Kh1 h4 38.f3 Qe2 39.Bxh4 Nf5 40.Qf4 Ne3 41.Rg1 Nf5 42.Rd5 Qxb2 43.Rxf5 Bd2
44.Qa4 Rb8 45.Rxc5 Be3 46.Qc2 Qb7 47.Bf2 Bh6 48.Rc7 Qa6 49.Qc6 Qa2 50.Rc8+ Rxc8
51.Qxc8+ Kh7 52.Qc5 Qb3 53.Re1 Kg8 54.Qc8+ Kh7 55.Re8 g5 56.Qf5+  1-0

[Event "Nis Open 2012"]
[Site "Nis SRB"]
[Date "2012.03.14"]
[Round "4"]
[White "Rolj,P"]
[Black "Velickovski Nejkovic,M"]
[Result "1-0"]
[WhiteElo "1998"]
[BlackElo "2184"]

1.e4 d6 2.d4 Nf6 3.Nc3 Nbd7 4.Nf3 e5 5.Be3 c6 6.a3 Be7 7.Bd3 O-O 8.h3 h6
9.O-O Re8 10.Nh2 Nf8 11.Kh1 Ne6 12.d5 Nf4 13.dxc6 bxc6 14.Bxf4 exf4 15.Ne2 Bf8
16.Nc3 Rb8 17.Rb1 Qa5 18.Nf3 Qh5 19.Nh2 Qc5 20.Qf3 Qe5 21.Qe2 d5 22.exd5 Qc7
23.Qf3 Nxd5 24.Nxd5 cxd5 25.Qxd5 Bb7 26.Qc4 Qe5 27.f3 Rec8 28.Rfe1 Qg5 29.Qd4 Bc5
30.Qe5 Qh4 31.Qf5 g6 32.Qg4 Qf6 33.h4 Rd8 34.Qh3 h5 35.Nf1 Bf2 36.Re2 Bxh4
37.b3 Bc8 38.Qh2 g5 39.Nd2 Be6 40.Ne4 Qh6 41.Qg1 a5 42.Qc5 g4 43.Qxa5 Rd5
44.Qa7 Rbd8 45.Qb6 Qf8 46.Qb4 Be7 47.Qc3 Qh6 48.a4 g3 49.Bc4 Rd1+ 50.Rxd1 Rxd1+
51.Re1 Rxe1+ 52.Qxe1 Bxc4 53.bxc4 Qe6 54.Qe2 Qb6 55.Qd1 Qb4 56.Nd2 Qd6 57.Qe1 Qf6
58.Kg1 Bc5+ 59.Kf1 Bf2 60.Ne4 Qd4 61.Nxf2 gxf2 62.Qxf2 Qxc4+ 63.Kg1 Qxa4
64.Qd2 Kg7 65.Kh2 Kg6 66.Qd3+ f5 67.c4  1-0

[Event "Nis Open 2012"]
[Site "Nis SRB"]
[Date "2012.03.14"]
[Round "4"]
[White "Milosavljevic,I"]
[Black "Djukic,Sa"]
[Result "1/2-1/2"]
[WhiteElo "2024"]
[BlackElo "2203"]

1.e4 d6 2.d4 Nf6 3.Nc3 e5 4.dxe5 dxe5 5.Qxd8+ Kxd8 6.Bc4 Be6 7.Bxe6 fxe6
8.Bg5 c6 9.O-O-O+ Kc7 10.Nf3 Nbd7 11.h3 h6 12.Bh4 Nh5 13.g4 Nf4 14.Bg3 g5
15.h4 Be7 16.hxg5 hxg5 17.a3 a5 18.Bxf4 gxf4 19.g5 Rag8 20.Rdg1 Rxh1 21.Rxh1 Rg7
22.Rh5 Kd6 23.b4 Kc7 24.Na2 b5 25.Kb2 axb4 26.axb4 Kd6 27.Nc1 Nb6 28.c3 Nc4+
29.Kc2 Bd8 30.Nd3 Bb6 31.Rh6 Ke7 32.Ndxe5 Nxe5 33.Nxe5 Kd6 34.Nd3 Rxg5 35.Nxf4 Re5
36.f3 Be3 37.Rh4 Bxf4 38.Rxf4 Rh5 39.Kd3 Rh1 40.Rf7 e5 41.Rf6+ Kd7 42.Ke3 Re1+
43.Kd2 Rf1 44.Ke2 Rc1 45.Kd3 Rd1+ 46.Kc2 Rf1 47.Kd2 Rf2+ 48.Ke3 Rc2 49.Kd3 Rf2
50.Rf8 Rf1 51.Rf5 Ke6 52.c4 bxc4+ 53.Kxc4 Rc1+ 54.Kb3 Rb1+ 55.Kc3 Rc1+ 56.Kb2 Rf1
57.Kc2 Rf2+ 58.Kc3 Rf1 59.Rf8 Ke7 60.Rf5 Ke6 61.Kc4 Rc1+ 62.Kd3 Rb1 63.Kc3 Rc1+
64.Kb2 Rf1 65.Kc2 Rf2+ 66.Kd3 Rf1 67.Rf8 Ke7 68.Ke2 Rb1 69.Rb8 Rb2+ 70.Ke3 Kd6
71.Rb7 Ke6 72.Kd3 Rb3+ 73.Ke2 Rb2+ 74.Ke3 Kd6 75.Kd3 Rb3+ 76.Ke2 Rb2+ 77.Kd3 Rb3+
78.Ke2 Rb2+ 79.Kd3 Rb3+  1/2-1/2

[Event "European Ind w Rapid 2012"]
[Site "Gaziantep TUR"]
[Date "2012.03.15"]
[Round "9"]
[White "Muzychuk,M"]
[Black "Skripchenko,A"]
[Result "1-0"]
[WhiteElo "2490"]
[BlackElo "2468"]

1.e4 d6 2.d4 Nf6 3.Nc3 c6 4.Bg5 Nbd7 5.f4 Qb6 6.Qd2 Qxb2 7.Rb1 Qa3 8.Nf3 Qa5
9.Bd3 e5 10.O-O Be7 11.Kh1 h6 12.Bh4 Qc7 13.fxe5 dxe5 14.dxe5 Nxe5 15.Nxe5 Qxe5
16.Bg3 Qa5 17.Bc4 O-O 18.e5 Nd5 19.Bxd5 cxd5 20.Rb5 Qa6 21.Rfb1 Bg5 22.Qxd5 Qg6
23.Ne4 Be6 24.Qxb7 Bxa2 25.Ra1 Bc4 26.Rb4 Rab8 27.Qxb8 Rxb8 28.Rxb8+ Kh7
29.Nxg5+ hxg5 30.Rxa7 Qxc2 31.Ra1 Bd5 32.Rg1 f5 33.exf6 gxf6 34.Rd8 Qe4 35.Be1 f5
36.h3 f4 37.Kh2 Kg6 38.Bc3 Qd3 39.Rd6+ Kf7 40.Be1 Ke7 41.Rh6 Kd7 42.Rb6 Qe2
43.Rg6 Qe5 44.Bf2 Qf5 45.Rg7+ Kd6 46.Re1 Qc2 47.Kg1 Qf5 48.Rc1 Qe4 49.Bc5+ Kc6
50.Bf2+ Kb5 51.Rxg5 Kb4 52.Rd1 Bc4 53.Re1 Qd3 54.Rg4 Qf5 55.Rc1 Kb3 56.Bd4 Qe4
57.Bf2 Qf5 58.Rg7 Qe4 59.Rb7+ Qxb7 60.Rb1+  1-0

[Event "European Ind w Rapid 2012"]
[Site "Gaziantep TUR"]
[Date "2012.03.16"]
[Round "7"]
[White "Borosova,Z"]
[Black "Bronnikova,E"]
[Result "1-0"]
[WhiteElo "2302"]
[BlackElo "2252"]

1.e4 d6 2.d4 Nf6 3.Nc3 c6 4.f4 Qa5 5.Bd3 e5 6.Nf3 Nbd7 7.O-O Qc7 8.Kh1 Be7
9.Qe1 exd4 10.Nxd4 Nc5 11.e5 Nxd3 12.cxd3 dxe5 13.fxe5 Nd5 14.Qg3 g6 15.Nxd5 cxd5
16.Nb5 Qc5 17.Nd6+  1-0

[Event "Nis Open 2012"]
[Site "Nis SRB"]
[Date "2012.03.16"]
[Round "6"]
[White "Ilic,SloS2"]
[Black "Stojkovic,Zo"]
[Result "1-0"]
[WhiteElo "2160"]
[BlackElo "2051"]

1.e4 d6 2.d4 Nf6 3.Nc3 Nbd7 4.Nf3 e5 5.Bc4 h6 6.O-O Be7 7.h3 O-O 8.Re1 c6
9.a4 Qc7 10.Ba2 Re8 11.Qd3 Nf8 12.Be3 Be6 13.Bxe6 Nxe6 14.dxe5 dxe5 15.Qc4 g5
16.g3 Nd7 17.b4 Ndf8 18.Rab1 Ng6 19.Rb3 Rad8 20.b5 Qc8 21.Kh2 h5 22.bxc6 g4
23.Ng1 bxc6 24.Nce2 c5 25.Reb1 Qc6 26.Rb7 Nd4 27.c3 Nc2 28.Bc1 Qf6 29.Nf4 exf4
30.Qe2 fxg3+ 31.fxg3 Qxc3 32.R7b3 Qe1 33.Qxc2 c4 34.Re3 Qd1 35.Qc3 Bf6 36.Qxf6 Qc2+
37.Re2 Qxb1 38.Bh6  1-0

[Event "TCh-BEL 2011-12"]
[Site "Belgium BEL"]
[Date "2012.03.18"]
[Round "10.5"]
[White "Hautot,S"]
[Black "Vandenbussche,T"]
[Result "0-1"]
[WhiteElo "2405"]
[BlackElo "2362"]

1.e4 d6 2.d4 Nf6 3.Nc3 e5 4.Nf3 Nbd7 5.Bc4 Be7 6.O-O O-O 7.Re1 a6 8.a4 b6
9.b3 Bb7 10.Bb2 c6 11.dxe5 dxe5 12.Qe2 b5 13.Bd3 Re8 14.Nd1 Bb4 15.c3 Bf8
16.c4 b4 17.Ne3 Qc7 18.Nf5 g6 19.Ng3 Nc5 20.Bc2 Nfd7 21.Nf1 Bg7 22.Rad1 Nf8
23.h4 Nfe6 24.h5 f6 25.Qe3 Bf8 26.hxg6 hxg6 27.N1h2 Nf4 28.Ng4 Nh5 29.Nh4 Qg7
30.Bc1 Ne6 31.Qh3 Nhf4 32.Qf3 Rad8 33.g3 Ng5 34.Qe3 Nfe6 35.Nf3 Bc5 36.Qe2 Nf7
37.Kg2 Bc8 38.Ngh2 Nd4 39.Nxd4 exd4 40.f4 Qh8 41.g4 f5 42.e5 Qh4 43.g5 Kg7
44.Rh1 Rh8 45.Qf3 Rh5 46.Rd3 Rdh8 47.Bd1 Nxe5 48.fxe5 f4 49.Qxf4 Bh3+ 50.Kg1 Rxg5+
51.Qxg5 Qe1+ 52.Nf1 Qxf1+ 53.Kh2 Qf2+  0-1

[Event "TCh-BEL 2011-12"]
[Site "Belgium BEL"]
[Date "2012.03.18"]
[Round "10.5"]
[White "Hautot,S"]
[Black "Vandenbussche,T"]
[Result "0-1"]
[WhiteElo "2405"]
[BlackElo "2362"]

1.e4 d6 2.d4 Nf6 3.Nc3 e5 4.Nf3 Nbd7 5.Bc4 Be7 6.O-O O-O 7.Re1 a6 8.a4 b6
9.b3 Bb7 10.Bb2 c6 11.dxe5 dxe5 12.Qe2 b5 13.Bd3 Re8 14.Nd1 Bb4 15.c3 Bf8
16.c4 b4 17.Ne3 Qc7 18.Nf5 g6 19.Ng3 Nc5 20.Bc2 Nfd7 21.Nf1 Bg7 22.Rad1 Nf8
23.h4 Nfe6 24.h5 f6 25.Qe3 Bf8 26.hxg6 hxg6 27.N1h2 Nf4 28.Ng4 Nh5 29.Nh4 Qg7
30.Bc1 Ne6 31.Qh3 Nhf4 32.Qf3 Rad8 33.g3 Ng5 34.Qe3 Nfe6 35.Nf3 Bc5 36.Qe2 Nf7
37.Kg2 Bc8 38.Ngh2 Nd4 39.Nxd4 exd4 40.f4 Qh8 41.g4 f5 42.e5 Qh4 43.g5 Kg7
44.Rh1 Rh8 45.Qf3 Rh5 46.Rd3 Rdh8 47.Bd1 Nxe5 48.fxe5 f4  0-1

[Event "TCh-CZE Liga 1 Zapad"]
[Site "Czech Rep CZE"]
[Date "2012.03.18"]
[Round "10.5"]
[White "Tuma,Ja"]
[Black "Vacek,Ma"]
[Result "1-0"]
[WhiteElo "2288"]
[BlackElo "2259"]

1.e4 d6 2.d4 Nf6 3.Nc3 c6 4.f4 g6 5.Nf3 Bg7 6.Bd3 O-O 7.O-O Na6 8.e5 Nd5
9.Nxd5 cxd5 10.c3 Nc7 11.Qe1 Bf5 12.Bxf5 gxf5 13.Qh4 f6 14.Kh1 Qd7 15.Bd2 a5
16.Rae1 Ra6 17.Qh3 dxe5 18.fxe5 fxe5 19.Nxe5 Qc8 20.Rf3 Ne8 21.Rg3 Qc7 22.Rf1 e6
23.Nd3 b6 24.Bh6 Ra7 25.Nf4 Qc6 26.Re1 Re7 27.Bxg7 Nxg7 28.Qh6 Rff7 29.h3 Qd6
30.Re5 Re8 31.Nxd5 Qf8 32.Rxe6 Rxe6 33.Qxe6 f4 34.Rg4 f3 35.gxf3 Kh8 36.Qe5 Rxf3
37.Nf4 Rf2 38.d5 Rxb2 39.Rg2 Rxg2 40.Kxg2 Kg8 41.d6 Qf7 42.a4 b5 43.axb5 a4
44.b6 a3 45.Qd5 Qxd5+ 46.Nxd5 a2 47.d7 Ne6 48.b7 a1=Q 49.b8=Q+ Kf7 50.d8=Q  1-0

[Event "e2e4 High Wycombe Open"]
[Site "High Wycombe ENG"]
[Date "2012.03.18"]
[Round "5"]
[White "Haria,R"]
[Black "Reid,V"]
[Result "1-0"]
[WhiteElo "2060"]
[BlackElo "1837"]

1.e4 d6 2.d4 Nf6 3.Nc3 e5 4.Nf3 exd4 5.Nxd4 Be7 6.Be2 O-O 7.O-O Nbd7 8.Be3 Nc5
9.f3 Re8 10.b4 Ne6 11.Nf5 h6 12.Qe1 Nf8 13.Qg3 Ng6 14.Bc4 d5 15.Nxe7+ Nxe7
16.Rad1 c6 17.Qf2 Qc7 18.Bb3 b6 19.Bd4 Qf4 20.g3 Qg5 21.b5 Bh3 22.Rfe1 dxe4
23.Bxf6 Qxf6 24.Nxe4  1-0

[Event "Nis Open 2012"]
[Site "Nis SRB"]
[Date "2012.03.18"]
[Round "9"]
[White "Necevski,A"]
[Black "Velickovski Nejkovic,M"]
[Result "1-0"]
[WhiteElo "2289"]
[BlackElo "2184"]

1.d4 d6 2.e4 Nf6 3.Nc3 Nbd7 4.f4 e5 5.Nf3 Qe7 6.Bc4 h6 7.O-O Nb6 8.Bb5+ c6
9.Bd3 Bg4 10.d5 Nfd7 11.a4 a5 12.h3 Bxf3 13.Qxf3 exf4 14.Bxf4 g5 15.Bg3 Ne5
16.Bxe5 dxe5 17.Rad1 Rd8 18.Kh1 Bg7 19.Qf2 Nc8 20.Ne2 O-O 21.Ng3 Nd6 22.c4 cxd5
23.cxd5 Rc8 24.Nf5 Nxf5 25.Qxf5 Qb4 26.Be2 Rcd8 27.Bh5 Qe7 28.Qf3 Rd6 29.Bg4 Bf6
30.Qb3 Qe8 31.Rc1 Bd8 32.Rc4 Bb6 33.Rc8 Rd8 34.Qxb6 Rxc8 35.Bxc8 Qxc8 36.Qxh6 Qd8
37.Rf6  1-0

[Event "TCh-SUI National A 2012"]
[Site "Switzerland SUI"]
[Date "2012.03.18"]
[Round "1.4"]
[White "Sedina,E"]
[Black "Maeser,F"]
[Result "1-0"]
[WhiteElo "2353"]
[BlackElo "2271"]

1.e4 d6 2.d4 Nf6 3.Nc3 Nbd7 4.Nf3 e5 5.Bc4 Be7 6.O-O O-O 7.a4 c6 8.Ba2 b6
9.Qe2 a6 10.Rd1 Qc7 11.Bg5 Rb8 12.Nh4 exd4 13.Nf5 Nc5 14.Nxe7+ Qxe7 15.Rxd4 Be6
16.e5 dxe5 17.Qxe5 Rfe8 18.Re1 Rbd8 19.b4 Ncd7 20.Qc7 c5 21.Rde4 Rc8 22.Bxf6 Qxf6
23.Rxe6 Rxc7 24.Rxe8+ Nf8 25.Nd5 Qb2 26.Nxc7 g6 27.Bd5 Qc3 28.bxc5 bxc5 29.g3 Kg7
30.R1e7  1-0

[Event "TCh-AUT 2 Ost 2011-12"]
[Site "Vienna AUT"]
[Date "2012.03.18"]
[Round "9"]
[White "Schwarhofer,C"]
[Black "Juhasz,Kr"]
[Result "1/2-1/2"]
[WhiteElo "2257"]
[BlackElo "2357"]

1.e4 d6 2.d4 Nf6 3.Nc3 e5 4.dxe5 dxe5 5.Qxd8+ Kxd8 6.Bg5 Be6 7.O-O-O+ Kc8
8.f3 c6 9.g3 b5 10.Bh3 Bxh3 11.Nxh3 Nbd7 12.Be3 Bb4 13.Ne2 Kc7 14.g4 Bc5
15.Bxc5 Nxc5 16.Nf2 Ne6 17.h4 Rad8 18.c3 Rxd1+ 19.Rxd1 Rd8 20.Rxd8 Nxd8 21.Nd3 Nd7
22.Kd2 Ne6 23.Ng3 g6 24.Nf1 f6 25.Ne3 Kd6 26.h5 Ndc5 27.hxg6 hxg6 28.Nxc5 Kxc5
29.b4+ Kd6 30.a3 a6 31.Nc2 Nc7 32.Na1 Na8  1/2-1/2